| 000 | 00537nam a2200181Ia 4500 | ||
|---|---|---|---|
| 001 | 33170 | ||
| 003 | IN-NITTTR | ||
| 005 | 20251114233436.0 | ||
| 008 | 251113s9999||||xx |||||||||||||| ||eng|| | ||
| 040 | _beng | ||
| 040 | _cIN-NITTTR | ||
| 041 | _aeng | ||
| 082 | _aQA76.87 | ||
| 100 | _aAghdam, HamHabibi | ||
| 245 | 0 |
_aGuide to Convolutional Neural Networks : _b A Practical Application to Traffic-Sign Detection and Classification / _cAghdam, HamHabibi, Heravi, Elnaz Jahani |
|
| 700 | _a Heravi, Elnaz Jahani | ||
| 942 |
_2ddc _cBK |
||
| 999 |
_c35648 _d35648 |
||